000 00473nam a2200169Ia 4500
005 20250508152354.0
008 008 250505s9999 xx 000 0 eng d
037 _aTextual
040 _aFEDL
_beng
_cFEDL
041 _aeng
_2eng
084 _a913, WEB
_qFEDL
245 0 _aWesbter's geographical dictionary
260 _aSpringfield
_bG and C Merriam Company Publishing
_c1957
300 _a1293p.
942 _cTEXL
_h913, WEB
999 _c1335985
_d1335985